000 00297nam a2200145Ia 4500
100 _aWhener/ H.
490 _v25
942 _cBK
654 _agalvanism
245 _aIntroduction to Galvanism
260 _bWiley eastern
_aNew Delhi
_c1991
300 _a54
546 _aENGLISH
999 _c21235
_d21235